000 00351 a2200169 4500
001 191980
020 _a978-85-20-00089-2
040 _cMagnum
100 _aUmpi, Dani
240 1 0 _aO vestido da mamãe
_lpor
245 1 0 _aO vestido da mamãe
300 _a44
362 0 _a2015
440 1 _aFTD
697 _aLITERATURA INFANTO
942 _cBK
999 _c191980
_d191980